LIBRARY ONLINE CATALOGUE

Pharmaceutical preformulation and formulation: (Record no. 20610)

MARC details
000 -LEADER
fixed length control field 00649nam a22001697a 4500
008 - FIXED-LENGTH DATA ELEMENTS--GENERAL INFORMATION
fixed length control field 250204b |||||||| |||| 00| 0 eng d
020 ## - INTERNATIONAL STANDARD BOOK NUMBER
International Standard Book Number 9781420073171
040 ## - CATALOGING SOURCE
Original cataloging agency KABU
Transcribing agency KABU
050 ## - LIBRARY OF CONGRESS CALL NUMBER
Classification number RS200
Item number .P43
245 ## - TITLE STATEMENT
Title Pharmaceutical preformulation and formulation:
Remainder of title a practice guide from candidate drug selection to commercial dosage form /
Statement of responsibility, etc. edited by Mark Gibson
250 ## - EDITION STATEMENT
Edition statement 2nd ed.
260 ## - PUBLICATION, DISTRIBUTION, ETC. (IMPRINT)
Place of publication, distribution, etc. New York
Name of publisher, distributor, etc. CRC Press, Taylor & Francis Group,
Date of publication, distribution, etc. 2009.
300 ## - PHYSICAL DESCRIPTION
Extent x, 541p.
Other physical details ill.; includes bibliographical references and index
440 ## - SERIES STATEMENT/ADDED ENTRY--TITLE
Title Drugs and the pharmaceutical science
Volume/sequential designation Vol. 199
650 ## - SUBJECT ADDED ENTRY--TOPICAL TERM
Topical term or geographic name as entry element Drugs - Dosage forms
942 ## - ADDED ENTRY ELEMENTS (KOHA)
Source of classification or shelving scheme Library of Congress Classification
Koha item type General Collection
Holdings
Withdrawn status Lost status Source of classification or shelving scheme Not for loan Home library Current library Shelving location Date acquired Cost, normal purchase price Inventory number Total Checkouts Full call number Barcode Date last seen Date last checked out Copy number Price effective from Koha item type
    Library of Congress Classification   Kabarak, Main Campus Kabarak, Main Campus General Stacks 04/02/2025 28348.00 2025/2068 1 RS200 .P43 2009 C.1 33445 21/05/2026 13/03/2026 C.1 04/02/2025 General Collection
    Library of Congress Classification   Kabarak, Main Campus Kabarak, Main Campus General Stacks 04/02/2025 28348.00 2025/2066   RS200 .P43 2009 C.2 33454 04/02/2025   C.2 04/02/2025 General Collection
    Library of Congress Classification   Kabarak, Main Campus Kabarak, Main Campus General Stacks 04/02/2025 28348.00 2025/2073   RS200 .P43 2009 C.3 33451 04/02/2025   C.3 04/02/2025 General Collection
    Library of Congress Classification   Kabarak, Main Campus Kabarak, Main Campus General Stacks 04/02/2025 28348.00 2025/2067   RS200 .P43 2009 C.4 33452 04/02/2025   C.4 04/02/2025 General Collection